Same Named Celebrities by Picture IV Quiz Stats

Quiz Updated Nov 13, 2016

Challenge
Share
Tweet
Score 0/15 Timer 04:00
3 Plays Today
% Correct
Jackson (Michael & Samuel)
99.2%
Ford (Harrison & Gerald)
96.5%
Armstrong (Neil & Louis)
93.3%
Reynolds (Burt & Ryan)
92.3%
Allen (Tim & Woody)
91.9%
Jordan (Michael & Michael)
89%
Love (Darlene & Courtney)
69.9%
Carter (Helena & Nick)
68.7%
% Correct
Russell (Kurt & David)
67.1%
Crosby (David & Bing)
60.5%
Graham (Heather & Lauren)
53.9%
Mendes (Eva & Shawn)
52.5%
Simon (Paul & Carly)
48.6%
Faris (Anna & Paula)
45%
Pena (Michael & Carlos)
20%

You're not logged in!

Compare scores with friends on all Sporcle quizzes.
Sign Up with Email
OR
Log In

You Might Also Like...

Show Comments

Extras

Top Quizzes Today


Score Distribution

Your Account Isn't Verified!

In order to create a playlist on Sporcle, you need to verify the email address you used during registration. Go to your Sporcle Settings to finish the process.